|
|
|
|
| LEADER |
01064cam a2200229 7i4500 |
| 001 |
0000028628 |
| 005 |
20121112090000.0 |
| 020 |
0 |
0 |
|a 9789881531971
|
| 090 |
0 |
0 |
|a ASIA 647.94025
|b ASI
|
| 245 |
0 |
0 |
|a Asia Horeca :
|b guide to hotel,restaurant & catering products & services :
|b guide to hotel,restaurant & catering products & services :
|b 2012/ 2013.
|
| 260 |
0 |
0 |
|a Hong Kong:
|b Marshall Cavendish Business Information,
|c 2012.
|
| 300 |
# |
# |
|a 760 p.
|
| 650 |
0 |
0 |
|a Hotels --
|x Directories --
|z Asia
|
| 650 |
0 |
0 |
|a Restaurants --
|x Directories --
|z Asia
|
| 650 |
0 |
0 |
|a Caterers and catering --
|x Directories --
|z Asia
|
| 651 |
0 |
0 |
|a Asia
|
| 999 |
|
|
|a JHR000344H
|b Directories
|c Regions
|e MATRADE Southern Regional Office
|
| 999 |
|
|
|a 0000031942
|b Directories
|c Regions
|e Business Information Centre
|
| 999 |
|
|
|a PNG001053H
|b Directories
|c Regions
|e MATRADE Northern Regional Office
|
| 999 |
|
|
|a SBH001021H
|b Directories
|c Regions
|e MATRADE Sabah
|
| 999 |
|
|
|a SRW000448H
|b Directories
|c Regions
|e MATRADE Sarawak
|
| 999 |
|
|
|a TRG000330H
|b Directories
|c Regions
|e MATRADE Eastern Regional Office
|